Capital Cities with Four Letters - Statistics

General Stats
  • This quiz has been taken 2,085 times
  • The average score is 10 of 14
Answer Stats
capital % Correct
Rome
88%
Oslo
87%
Bern
81%
Lima
81%
Riga
77%
Suva
71%
Kyiv
69%
Apia
66%
Baku
64%
Dili
63%
Doha
63%
Lomé
60%
Malé
54%
Juba
48%
No matching quizzes found
Score Distribution
Percent of People with Each Score
Percentile by Number Answered
Your Score History
You have not taken this quiz